| 000 | 00483nam a2200229Ia 4500 | ||
|---|---|---|---|
| 003 | IT-RoPAU | ||
| 008 | 120407s9999 xx 000 0 und d | ||
| 040 | _aIT-RoPAU | ||
| 040 | _cIT-RoPAU | ||
| 041 | _aita | ||
| 100 | _aGiuliana Nichelli | ||
| 245 | _aCosa leggere sulla famiglia. | ||
| 250 | _aMilano | ||
| 260 | _aBibliografica | ||
| 260 | _c1976 | ||
| 300 | _a99 p. | ||
| 300 | _c17 cm | ||
| 490 | _aCosa leggere, 9 | ||
| 490 | _v9 | ||
| 942 | _cBK | ||
| 999 |
_c37454 _d37454 |
||